| 000 | 00659nam a22001937a 4500 | ||
|---|---|---|---|
| 999 |
_c21329 _d21329 |
||
| 003 | AR-CdUCM | ||
| 008 | 190305b ||||| |||| 00| 0 spa d | ||
| 040 |
_aMUNICIPALIDAD PROVINCIAL DEL CUSCO _cBIBLIOTECA MUNICIPAL DEL CUSCO |
||
| 082 |
_aES/808/T89 _bT89 |
||
| 100 |
_aTuero Villa, Juan _99559 |
||
| 245 | _aDos cuentos apasionados en un contexto andino / | ||
| 260 |
_aCusco ; _bInkari, _c2017. |
||
| 300 |
_a125 Páginas. : _c20 cm. |
||
| 505 | _aContenido: Al encuentro con la muerte el último viaje de músico andino -- Joseycha. | ||
| 650 |
_aLiteratura cusqueña _944489 |
||
| 650 |
_aCuentos andinos _966 |
||
| 942 |
_2ddc _cLIBROS |
||
| 945 | _aRoel | ||